000 00942cam a2200289 a 4500
008
020 _a0273704575 (hbk.)
049 _aMAIN
090 _aHD30.23
_bKIL
100 1 _aKilling, Peter.
245 1 0 _aMust-win battles :
_bcreating the focus you need to achieve your key business goals /
_cPeter Killing, Thomas Malnight, with Tracey Keys.
260 _aHarlow :
_bFinancial Times Prentice Hall,
_cc2005.
300 _ax, 238 p. :
_bill. ;
_c24 cm.
504 _aIncludes bibliographical references.
500 _aIncludes index.
650 0 _aDecision making.
650 0 _aDecision making
_vCase studies.
650 0 _aManagement by objectives.
650 0 _aBusiness planning.
700 1 _aMalnight, Thomas.
700 1 _aKeys, Tracey.
907 _a.b10315913
_b20-07-12
_c16-07-12
003
005 20230123125437.0
040 _cNUST
942 _cBOOKS
_kHD30.23
_mKIL
999 _c141609
_d141609